XI Roku 2022 wg. Tygodnika "Piłka Nożna" (spoza Europy) - Statystyki

Ogólne statystyki
  • Ten quiz został rozwiązany 306 razy
  • Średni wynik to 11 z 11
Statystyki odpowiedzi
Pozycja Kraj Klub Zawodnik % Poprawnych
PO Maroko PSG Achraf Hakimi
100%
PS Argentyna PSG Lionel Messi
100%
PS Egipt Liverpool Mohamed Salah
100%
BR Argentyna Aston Villa Emiliano Martinez
99%
LS Brazylia PSG Neymar
99%
ŚPD Brazylia Real Madryt / Man United Casemiro
97%
ŚPO Urugwaj Real Madryt Fede Valverde
96%
LS Brazylia Real Madryt Vinicius
96%
LO Kanada Bayern Alphonso Davies
94%
ŚO Brazylia Real Madryt Eder Militao
92%
ŚO Brazylia Chelsea Thiago Silva
91%
Nie znaleziono quizów pasujących do podanych kryteriów
Rozkład punktacji
Procent ludzi z każdym wynikiem
Percentyl według liczby udzielonych odpowiedzi
Twoja historia wyników
Nie rozwiązałeś tego quizu